Med a medonosné rastliny

Salvato in:
Dettagli Bibliografici
Autore principale: Sudzina, Marián
Altri autori: Sudzinová, Janka, Kačániová, Miroslava, Stričík, Michal, 1969-
Natura: Capitolo di libro
Lingua:slovacco
Tags: Aggiungi Tag
Nessun Tag, puoi essere il primo ad aggiungerne!!

MARC

LEADER 00000naa$a2200000$$$4500
001 0115625
005 20240502072304.1
041 0 |a slo 
044 |a SK 
245 1 0 |a Med a medonosné rastliny  |c Marián Sudzina, Janka Sudzinová, Miroslava Kačániová, Michal Stričík 
100 1 |a Sudzina, Marián 
700 1 |a Sudzinová, Janka 
700 1 |a Kačániová, Miroslava 
700 1 |a Stričík, Michal, 1969-